Statistics for Guess the League of the Football Club

Click here to take the quiz!

General Stats

  • This quiz has been taken 35 times
  • The average score is 8 of 15

Answer Stats

QuestionAnswer% Correct
Liverpool FCEnglish Premier League
100%
FSV Mainz 05German Bundesliga
91%
KAA GentJupiler Pro League
76%
FC AndorraSegunda Division
76%
FC Steaua BucureștiRomanian Liga I
70%
Suwon FCK-League
58%
RS Strasbourg AlsaceLigue 1
48%
Halifax WanderersCanadian Premier League
45%
North East UnitedIndian Super League
45%
Wellington Pheonix FCA-League
42%
CF MontréalMajor League Soccer
42%
Al Ahly FCEgyptian Premier League
36%
Lincoln Red ImpsGibraltar Football League
36%
Club Atlético PeñarolUruguayan Premier Division
33%
Orlando Pirates FCDStv Premiership
21%

Score Distribution

Percentile by Number Answered

Percent of People with Each Score

Your Score History

You have not taken this quiz